Diversidade e estrutura genética de populações de Podocarpus lambertii Klotzsch ex Endl. na floresta ombrófila mista em Santa Catarina (Registro n. 298707)
[ somente texto ]
| 000 -LÍDER | |
|---|---|
| fixed length control field | 04897nab a2200325 i 4500 |
| 003 - CÓDIGO MARC DA AGÊNCIA CATALOGADORA | |
| Campo de controle | BR-BrBNA |
| 005 - DATA E HORA DA ÚLTIMA ATUALIZAÇÃO | |
| Campo de controle | 20240307162027.0 |
| 008 - CAMPO DE TAMANHO FIXO | |
| fixed length control field | 240307b2019 bl.qr|pooa||| 00| 0 por | |
| 040 ## - FONTE DA CATALOGAÇÃO | |
| Agência catalogadora | BR-BrBNA |
| Idioma da catalogação | por |
| 072 ## - CATEGORIA AGRIS | |
| Código AGRIS | K10 |
| 100 ## - ENTRADA PRINCIPAL - NOME PESSOAL | |
| Nome pessoal | BittencourtI, Ricardo |
| 100 ## - ENTRADA PRINCIPAL - NOME PESSOAL | |
| Nome pessoal | Steiner, Felipe |
| 100 ## - ENTRADA PRINCIPAL - NOME PESSOAL | |
| Nome pessoal | Sant’Anna, Cristina Silva |
| 100 ## - ENTRADA PRINCIPAL - NOME PESSOAL | |
| Nome pessoal | Montagna, Tiago |
| 100 ## - ENTRADA PRINCIPAL - NOME PESSOAL | |
| Nome pessoal | Fernandes, Caio Darós |
| 100 ## - ENTRADA PRINCIPAL - NOME PESSOAL | |
| Nome pessoal | Silva, Fernando André Loch Santos da |
| 100 ## - ENTRADA PRINCIPAL - NOME PESSOAL | |
| Nome pessoal | Reis, Maurício Sedrez dos |
| 245 ## - TÍTULO PRINCIPAL | |
| Título principal | Diversidade e estrutura genética de populações de Podocarpus lambertii Klotzsch ex Endl. na floresta ombrófila mista em Santa Catarina |
| 500 ## - NOTA GERAL | |
| Nota geral | Publicação on-line; 26 ref.; 4 tables; 3 illus.; Summaries (En, Pt) |
| 942 ## - ADDED ENTRY ELEMENTS (KOHA) | |
| Koha item type | |
| 520 ## - NOTA DE RESUMO | |
| Nota de conteúdo | <br/><br/>Resumo<br/><br/>Podocarpus lambertii (Podocarpaceae) é conhecido popularmente como pinheiro-bravo. Ocorre em várias formações<br/>florestais da Mata Atlântica, principalmente na Floresta Ombrófila Mista. Devido à intensa exploração madeireira<br/>sofrida pela espécie, ela está presente na categoria “Quase ameaçada” da Lista Vermelha das Espécies Ameaçadas da<br/>IUCN. Diante disso, este estudo teve por objetivo caracterizar a diversidade e estrutura genética de 12 populações no<br/>Estado de Santa Catarina, a fim de gerar informações para fundamentar estratégias de conservação para a espécie. Foram<br/>coletadas folhas de 50 indivíduos adultos em cada população. Para acessar os níveis e a distribuição da diversidade<br/>genética, utilizaram-se 10 sistemas enzimáticos. As frequências alélicas, a porcentagem de locos polimórficos (P100%), as<br/>heterozigosidades observada (HO) e esperada (HE), o índice de fixação (f) e a divergência genética (FST) foram calculados<br/>com auxílio do programa FSTAT. Os 10 sistemas enzimáticos analisados revelaram 11 locos com um total de 32 alelos<br/>(A= 1,8). As populações de Podocarpus lambertii apresentaram baixa diversidade genética (P100% = 52,7; HO = 0,049;<br/>HE = 0,079). As frequências alélicas das populações apresentaram desvios significativos das esperadas em Equilíbrio<br/>de Hardy-Weinberg, evidenciando um deficit de heterozigotos (f = 0,374). A presença de alelos raros nas populações<br/>e uma divergência genética significativa (FST = 0,303) evidenciam um baixo fluxo gênico histórico e um grande risco<br/>de perda de diversidade. Os resultados obtidos indicam a necessidade de conservação in situ das várias populações de<br/>Podocarpus lambertii e de um aumento da conectividade entre as populações remanescentes.<br/><br/>Palavras-chave: Alozimas; Índice de fixação; Conservação in situ; Conífera |
| 520 ## - NOTA DE RESUMO | |
| Nota de conteúdo | <br/><br/>Abstract<br/><br/>Podocarpus lambertii (Podocarpaceae) is popularly known in Brazil as pinheiro-bravo. It occurs in several forest<br/>formations of the Atlantic Rain Forest, mainly in the Ombrophilous Mixed Forest. Due to the high wood exploitation<br/>suffered by the species, it is listed as ‘Almost Threatened’ in The IUCN Red List of Threatened Species. In face of this,<br/>the objective of the present study was to characterize the genetic diversity and structure of 12 natural populations of<br/>Podocarpus lambertii in Santa Catarina state, aiming to generate information for the definition of effective conservation<br/>strategies for the species. To access genetic diversity levels and distribution, it was used 10 allozymic systems. Along<br/>with the assistance of the software Fstat, the allelic frequencies (A), polymorphic loci percentage (P), observed<br/>heterozigosity (Ho), expected heterozigosity, fixation index (f) and genetic divergence between populations (FST) were<br/>calculated. In 11 loci 32 alleles (A= 1,8) were detected. A low genetic diversity was detected for Podocarpus lambertii<br/>populations (P100% = 52,7; HO = 0,049; HE = 0,079). The mean fixation index obtained (f = 0,374) indicates a deficit<br/>of heterozygous individuals. A high number of low frequency alleles was detected and together with the high genetic<br/>divergence (FST = 0,303), it points towards the necessity of in situ conservation of a large number of Podocarpus<br/>lambertii populations and the need to increase the connectivity among the remnant populations.<br/><br/>Keywords: Allozymes; Fixation index; In situ conservation; Conifer |
| 650 ## - ASSUNTO - THESAGRO | |
| Cabeçalho tópico ou nome geográfico | ÁRVORE CONÍFERA |
| 650 ## - ASSUNTO - THESAGRO | |
| Cabeçalho tópico ou nome geográfico | PODOCARPUS LAMBERTII |
| 650 ## - ASSUNTO - THESAGRO | |
| Cabeçalho tópico ou nome geográfico | PINHEIRO BRAVO |
| 650 ## - ASSUNTO - THESAGRO | |
| Cabeçalho tópico ou nome geográfico | CONSERVAÇÃO |
| 773 0# - ENTRADA ANALÍTICA | |
| Host Biblionumber | 4065 |
| Registro do item | 313811 |
| Imprenta | Santa Maria-RS Universidade Federal de Santa Maria - Centro de Pesquisas Florestais.Departamento de Ciências Florestais. Programa de Pós-Graduação em Engenharia Florestal 1991 |
| Outro identificador | 2024-0078 |
| Título | Ciência Florestal (Brazil) |
| ISSN | 0103-9954; 1980-5098 (on-line) |
| Colação | V. 29(1) p. 63-74; (Jan-Mar 2011) |
| Número de controle de registro | BR2023001582 |
| 856 ## - ACESSO E ENDEREÇO ELETRÔNICO | |
| Identificador uniforme de recurso - URI | https://www.scielo.br/j/cflo/a/CnB8vcrssS5JxSMvZTjNXYS/?format=pdf&lang=pt |
Nenhum exemplar disponível.

BINAGRI